[Event "Gothenburg op"]
[Site "Gothenburg"]
[Date "2023.08.11"]
[Round "3"]
[White "Wengholm, Anders"]
[Black "Bergholtz, Karl"]
[Result "1-0"]
[WhiteElo "2155"]
[BlackElo "1521"]
[PlyCount "81"]
[EventDate "2023.08.11"]
[EventType "swiss"]
[EventRounds "8"]
[EventCountry "SWE"]
[SourceTitle "CBM 215 Extra"]
[Source "ChessBase"]
[SourceDate "2023.09.30"]
[SourceVersion "1"]
[SourceVersionDate "2023.09.30"]
[SourceQuality "1"]

1. Nf3 Nf6 2. c4 c5 3. Nc3 Nc6 4. g3 g6 5. Bg2 Bg7 6. d4 cxd4 7. Nxd4 0-0 8. 0-0 Qb6 9. Nb3 d6 10. Be3 Qc7 11. Rc1 a6 12. Nd5 Nxd5 13. cxd5 Bxb2 14. Rc2 Bf5 15. Rxb2 Ne5 16. Nd4 Qd7 17. Nxf5 Qxf5 18. Qb1 b5 19. Qxf5 gxf5 20. Rc2 Nc4 21. Bg5 f6 22. Bh6 Rfc8 23. Bh3 Rc5 24. Bxf5 Kf7 25. Be6+ Kg6 26. Bc1 a5 27. e4 b4 28. f4 a4 29. Rf3 Rb8 30. Bb2 Nxb2 31. Rxb2 a3 32. Rxa3 bxa3 33. Rxb8 Rc1+ 34. Kg2 Rc2+ 35. Kh3 Rxa2 36. Rg8+ Kh6 37. Ra8 Ra1 38. Ra7 a2 39. Rxe7 Rh1 40. Bf5 a1Q 41. Rxh7# 1-0